000 00790nam a2200241 i 4500
001 34353
003 ES-MaACL
005 20230906154922.0
007 t|
008 030204s1986 fr ||||1| fre d
020 _a2-13-039208
100 1 _aBlondel, Eric.
_929545
245 1 0 _aNietzche, le corps et la culture
_b: la philosophie comme généalogie philologique /
_cEric Blondel.
260 _aParis :
_bPresses Universitaires de France,
_c1986.
300 _a357 p. ;
_c22 cm.
490 1 _aPhilosophie d'aujourd'hui
500 _aIndice.
504 _aBibliografía.
600 1 4 _aNietzsche, Friedrich,
_d1844-1900-
_xCrítica e interpretación
_985721
830 0 _aPhilosophie d'aujourd'hui
_9179543
852 _aES-MaACL
_jL-11680
_bR.113474
999 _c34353
_d34353